000 00476cam a22002052a 4500
001 022589
003 AR-FADEU
008 311216n1994####xxu####################dd
020 _a956-120854-7
092 _aCh863.44
_bR628h
100 _aRojas, Manuel
245 _aHijo de ladrĂ³n
260 _aSantiago de Chile
260 _bZig-Zag
260 _c1994
300 _a255 p
440 _aBiblioteca juvenil
650 _aLITERATURA CHILENA-NOVELA
942 _cBDGR
999 _c28287
_d28287